Les propriétés du Monopoly Lyon Métropole 2015 - Statistiques

Statistiques générales
  • Ce quiz a été pris 18 fois
  • Le résultat moyen est 4 sur 26
Statistiques - réponses
Hint Réponse % Correct
Rouge Avenue des Frères {Lumière} - Lyon
69%
Bleu Cours Franklin {Roosevelt} - Lyon
69%
Orange Quai Claude {Bernard} - Lyon
38%
Gares Brasserie le {Nord}
25%
Gares Brasserie l'{Est}
25%
Gares Brasserie le {Sud}
25%
Gares Brasserie l'{Ouest}
25%
Orange Quai Charles {de Gaulle} - Lyon
25%
Violet Quartier de La {Confluence} - Lyon
25%
Bleu ciel Commune de Saint-{Priest}
19%
Bleu ciel Commune de {Vénissieux}
19%
Bleu ciel Commune d'{Oullins}
19%
Violet Cours {Lafayette} - Lyon
19%
Orange Avenue du {Casino} - La Tour de Salvagny
6%
Jaune Chemin du Fond {Rose} - Caluire et Cuire
6%
Jaune Montée Saint-{Barthélémy} - Lyon
6%
Marron Avenue Barthélémy {Thimonnier} - Caluire et Cuire
0%
Violet Avenue Marcel {Cerdan} - Villeurbanne
0%
Marron Commune de {Givors}
0%
Rouge Quai de {Bondy} - Lyon
0%
Vert Quai de la {Jonchère} - Collonges-au-Mont-D'or
0%
Vert Rue {Childebert} - Lyon
0%
Bleu Rue de la {plage} - Collonges-au-Mont-D'or
0%
Jaune Rue du {Boeuf} - Lyon
0%
Vert Rue {Jussieu} - Lyon
0%
Rouge Rue Paul {Chenavard} - Lyon
0%
Aucun quiz correspondant
Distribution des résultats
% des personnes avec chaque résultat
Percentile par nombre de réponses
Votre historique - résultats
Vous n’avez pas pris ce quiz